000 01017nam a2200277 c 4500
003 BLK
005 20180413122544.0
008 180408b bul|||||r ||||||| ||bul||
010 _aKNG00053231000
020 _a3-411-01978-6
_bиздат.: Bibliographisches Institut
040 _aBLK
041 _aDEU
_cDEU
080 _aНемски език (високонемски, стандартен писмен)
_b811.112.2
_x-087(038.1)
_z811.112.2-087(038.1)
139 _aSEIBICKE, Wolfried
_b
245 1 0 _aWie sagt man anderswo?
_bAlsterwasser oder Radlerwass?: Fleischer, Metzger oder Schlater?: Landschaftliche Unterschiede im deutschen Sprachgebrauch
250 _a2. neu bearb und erw. Aufl
260 Mannheim et al.
_bBibliographisches Institut
_c1983
300 _a192 c
_c19 cm
380 _a80
490 1 _aDuden Taschenbucher
_vBd. 15
852 _aЦб 187068
856 4 _qpdf
_u
856 4 _qpdf
_u
942 _cKNG
_n0
944 _aCR
_c01.01.1999
_kAB_DOS
944 _aED
_c13.02.2017
_kЛили_Борисова
999 _c49381
_d49381